000 00670cam a2200229 4500
001 B2114
008 090401t1988 xxu||||| |||| 00| 0 eng d
035 _a(Sirsi) u48077
041 _aeng
050 _a333.720285
100 _aAnderson, B.R.
245 _aEnergy assessment for dwellings using BREDEM worksheets
260 _aGarston,Watford
_bBuilding Research Establishment
_c1988
300 _a(6)p. ; 30cm.
350 _a2
490 _aBRE Information Paper
_v13/88
520 _aWork undertaken as part of research programme of the Energy Efficiency Office .
650 _aENERGY EFFICIENCY
650 _aHOUSING
942 _n0
948 _c04/03/1997
999 _c92276
_d92276